An Introduction to The Intel Family of Microprocessors (Record no. 4101)

MARC details
000 -LEADER
fixed length control field 00425nam a2200169Ia 4500
008 - FIXED-LENGTH DATA ELEMENTS--GENERAL INFORMATION
fixed length control field 230524s9999 xx 000 0 und d
020 ## - INTERNATIONAL STANDARD BOOK NUMBER
ISBN 8178083124
082 ## - DEWEY DECIMAL CLASSIFICATION NUMBER
Classification number 4.33
Item number ANT
100 ## - MAIN ENTRY--AUTHOR NAME
Personal name James L.Antonakos
245 #3 - TITLE STATEMENT
Title An Introduction to The Intel Family of Microprocessors
250 ## - EDITION STATEMENT
Edition statement 3ND
260 ## - PUBLICATION, DISTRIBUTION, ETC. (IMPRINT)
Place of publication SINGAPORE
Name of publisher Pearson
Year of publication 2004
300 ## - PHYSICAL DESCRIPTION
Number of Pages 768
500 ## - GENERAL NOTE
General note Quantity Number: 2
650 ## - SUBJECT ADDED ENTRY--TOPICAL TERM
Topical Term Comp-Sc
942 ## - ADDED ENTRY ELEMENTS (KOHA)
Koha item type Books
Holdings
Lost status Damaged status Permanent Location Current Location Shelving location Date acquired Full call number Accession Number Koha item type
    Central Library, Trident Academy of Technology Central Library, Trident Academy of Technology General Stacks 05/24/2023 4.33 ANT 6353 Books
    Central Library, Trident Academy of Technology Central Library, Trident Academy of Technology General Stacks 05/24/2023 4.33 ANT 6354 Books
Trident Academy of Technology © 2023.
All rights reserved.                                                                                                                                                                                                        Designed by Team of Central Library .

Powered by Koha